书目信息 |
| 题名: |
学校管理学导论
|
|
| 作者: | 张济正 编著 | |
| 分册: | ||
| 出版信息: | 上海 华东师范大学出版社 1984 |
|
| 页数: | 298页 | |
| 开本: | 19cm | |
| 丛书名: | ||
| 单 册: | ||
| 中图分类: | G637 , G47 | |
| 科图分类: | ||
| 主题词: | 中学-学校管理 , 学校管理-中学 | |
| 电子资源: | ||
| ISBN: | ||
| 000 | 00698nam0 2200265 45 | |
| 001 | 0184005179 | |
| 005 | 20040424111210.9 | |
| 010 | @dCNY1.10 | |
| 091 | @a7135.130 | |
| 100 | @a19950704d1984 emky0chiy0121 ea | |
| 101 | 0 | @achi |
| 102 | @aCN@b310000 | |
| 105 | @ay z 000yy | |
| 106 | @ar | |
| 200 | 10 | @a学校管理学导论@Axue xiao guan li xue dao lun@f张济正等编著 |
| 210 | @a上海@c华东师范大学出版社@d1984 | |
| 215 | @a298页@d19cm | |
| 606 | @a中学-学校管理 | |
| 606 | @a学校管理-中学 | |
| 690 | @aG637@v3 | |
| 690 | @aG47 | |
| 701 | 0 | @a张济正@Azhang ji zheng@4编著 |
| 801 | 0 | @aCN@b上海图书馆@c20040424 |
| 801 | 2 | @aCN@bNLC@c20040424 |
| 905 | @f2@b156818-819@f1@b133858@dG47@e7 | |
| 学校管理学导论/张济正等编著.-上海:华东师范大学出版社,1984 |
| 298页;19cm |
| ISBN :CNY1.10 |
| ● |
| 相关链接 |
|
|
|
|
正题名:学校管理学导论
索取号:G47/7
 
预约/预借
| 序号 | 登录号 | 条形码 | 馆藏地/架位号 | 状态 | 备注 |
| 1 | 0133858 | 000460183 | 密集书库/ [索取号:G47/7] | 在馆 | |
| 2 | 0133859 | 000459854 | 第一样本阅览室/ [索取号:G47/7] | 在馆 | |
| 3 | 0156818 | 000460012 | 密集书库/ [索取号:G47/7] | 在馆 | |
| 4 | 0156819 | 000460227 | 密集书库/ [索取号:G47/7] | 在馆 |